خوشبو سرحدوں کے پار (ناول)۔ (Record no. 20593)

MARC details
000 -LEADER
fixed length control field 01777nam a22003137a 4500
005 - DATE AND TIME OF LATEST TRANSACTION
control field 2009010509039.0
008 - FIXED-LENGTH DATA ELEMENTS--GENERAL INFORMATION
fixed length control field 081223t xxu||||| |||| 00| 0 urd d
010 ## - LCCN (DPL NO)
LC control number UR-7548
020 ## - INTERNATIONAL STANDARD BOOK NUMBER
Terms of availability 200.00
035 ## - SYSTEM CONTROL NUMBER
System control number B-283701-705
035 ## - SYSTEM CONTROL NUMBER
System control number U-6103
040 ## - CATALOGING SOURCE
Original cataloging agency dpl
Language of cataloging ur
082 ## - DEWEY DECIMAL CLASSIFICATION NUMBER
Classification number ن
100 ## - MAIN ENTRY--PERSONAL NAME
Personal name امریندر نارائن
245 ## - TITLE STATEMENT
Title خوشبو سرحدوں کے پار (ناول)۔
Statement of responsibility, etc امریندر نارائن؛ مترجم اویناش امن
246 ## - VARYING FORM OF TITLE
Title proper/short title Khushboo sarhadon ke par
Remainder of title by Amarendra Narayan; translated by Avinash Aman
260 ## - PUBLICATION, DISTRIBUTION, ETC. (IMPRINT)
Place of publication, distribution, etc دہلی
Name of publisher, distributor, etc ایجو کیشنل پبلیشنگ ہاوس
Date of publication, distribution, etc 2008
300 ## - PHYSICAL DESCRIPTION
Extent 268 p.
Dimensions 22 cm. (Hb)
500 ## - GENERAL NOTE
General note ايک ہی آئ ، ايس بی؛اين نمبر ؛کتاب " گيسوۓ تنقيد "8182233534
650 ## - SUBJECT ADDED ENTRY--TOPICAL TERM
Topical term or geographic name as entry element Urdu Novel
700 ## - ADDED ENTRY--PERSONAL NAME
Personal name اویناش امن
942 ## - ADDED ENTRY ELEMENTS (KOHA)
Source of classification or shelving scheme Dewey Decimal Classification
Item type Urdu Bks
Classification part ن
Call number suffix ا م ر
Holdings
Withdrawn status Lost status Source of classification or shelving scheme Damaged status Not for loan Collection code Home library Current library Date acquired Cost, normal purchase price Total Checkouts Full call number Barcode Date last seen Copy number Cost, replacement price Koha item type Source of acquisition
    Dewey Decimal Classification     Fiction Central Library Central Library 05/01/2009 200.00   ن ا م ر B-283701 05/01/2009 1 200.00 Urdu Bks  
    Dewey Decimal Classification   Not For Loan Fiction D.B.Act.Division D.B.Act.Division 07/09/2009 200.00   ن ا م ر U-6103 07/09/2009 1 200.00 Urdu Bks DBAD / PUB
    Dewey Decimal Classification     Fiction Karol Bagh Karol Bagh 05/01/2009 200.00   ن ا م ر B-283704 05/01/2009 1 200.00 Urdu Bks  
    Dewey Decimal Classification     Fiction Patel Nagar Patel Nagar 05/01/2009 200.00   ن ا م ر B-283702 05/01/2009 1 200.00 Urdu Bks  
    Dewey Decimal Classification     Fiction Sarojini Nagar Sarojini Nagar 05/01/2009 200.00   ن ا م ر B-283703 05/01/2009 1 200.00 Urdu Bks  
    Dewey Decimal Classification     Fiction Shahdara Branch Shahdara Branch 05/01/2009 200.00   ن ا م ر B-283705 05/01/2009 1 200.00 Urdu Bks  

© Delhi Public Library
Hit Counter
free hit counter